[Event "Grand Pacific op"]
[Site "Victoria CAN"]
[Date "2008.03.21"]
[Round "1"]
[White "Kristjansson, Olafur"]
[Black "Rhodes, Tim"]
[Result "1-0"]
[WhiteElo "2080"]
[BlackElo "1459"]
[PlyCount "60"]
[GameId "2160767910351401"]
[EventDate "2008.03.21"]
[EventType "swiss"]
[EventRounds "6"]
[EventCountry "CAN"]

1. e4 c5 2. Nf3 d6 3. d4 cxd4 4. Nxd4 Nf6 5. Nc3 a6 6. Bc4 e6 7. Bb3 Be7 8. f4 Nc6 9. f5 Nxd4 10. Qxd4 O-O 11. O-O Bd7 12. Bg5 Qc7 13. Kh1 b5 14. Rad1 e5 15. Qd3 Bc6 16. Bxf6 Bxf6 17. Qxd6 Qb7 18. Nd5 Bg5 19. f6 Kh8 20. Qxe5 Bh6 21. Qe7 Qb8 22. fxg7+ Bxg7 23. Rxf7 Rxf7 24. Qxf7 Qe5 25. Qc7 Qh5 26. c3 Rf8 27. Nf4 Qe8 28. Ne6 Rf7 29. Nxg7 Rxg7 30. Qxc6 Qe7 1-0

[Event "Grand Pacific op"]
[Site "Victoria CAN"]
[Date "2008.03.21"]
[Round "1"]
[White "Parker, Dylan"]
[Black "Daniluk, Jim"]
[Result "0-1"]
[WhiteElo "1466"]
[BlackElo "2037"]
[PlyCount "64"]
[GameId "2160767910351402"]
[EventDate "2008.03.21"]
[EventType "swiss"]
[EventRounds "6"]
[EventCountry "CAN"]
[SourceTitle "EXT 2011"]
[Source "ChessBase"]
[SourceDate "2011.11.26"]
[SourceVersion "1"]
[SourceVersionDate "2011.11.26"]
[SourceQuality "1"]

1. e4 c5 2. Nf3 Nc6 3. d4 cxd4 4. Nxd4 Nf6 5. Nc3 e5 6. Ndb5 d6 7. Be2 a6 8. Na3 Be7 9. Be3 b5 10. Nab1 Rb8 11. O-O O-O 12. Nd5 Nxe4 13. Bf3 f5 14. Nbc3 Nxc3 15. Nxc3 Bb7 16. Nd5 e4 17. Be2 Bf6 18. Bb6 Qd7 19. c3 Be5 20. Qb3 Kh8 21. Rad1 f4 22. f3 Ba8 23. fxe4 Rxb6 24. Nxb6 Qa7 25. Kh1 Qxb6 26. a4 b4 27. cxb4 Nd4 28. a5 Qb7 29. Qc4 Nxe2 30. Qxe2 Qxb4 31. Qxa6 Qxe4 32. Qb6 Qxg2# 0-1

[Event "Grand Pacific op"]
[Site "Victoria CAN"]
[Date "2008.03.21"]
[Round "1"]
[White "Renaud, Joshua"]
[Black "Chan, James"]
[Result "1-0"]
[WhiteElo "1452"]
[BlackElo "2102"]
[PlyCount "35"]
[GameId "2160767910351403"]
[EventDate "2008.03.21"]
[EventType "swiss"]
[EventRounds "6"]
[EventCountry "CAN"]

1. e4 e5 2. d4 exd4 3. Nf3 Nc6 4. Bc4 Nf6 5. O-O Bc5 6. e5 d5 7. exf6 dxc4 8. fxg7 Rg8 9. Bg5 Qd5 10. Nc3 Qf5 11. Ne4 Be7 12. Bxe7 Kxe7 13. Nxd4 Nxd4 14. Qxd4 Be6 15. Ng3 Qxc2 16. Qc5+ Ke8 17. Rfe1 Rxg7 18. Nf5 1-0

[Event "Grand Pacific op"]
[Site "Victoria CAN"]
[Date "2008.03.21"]
[Round "1"]
[White "St Louis, Peter"]
[Black "Day, Lawrence"]
[Result "0-1"]
[WhiteElo "1654"]
[BlackElo "2265"]
[PlyCount "66"]
[GameId "2160767910351404"]
[EventDate "2008.03.21"]
[EventType "swiss"]
[EventRounds "6"]
[EventCountry "CAN"]
[SourceTitle "EXT 2011"]
[Source "ChessBase"]
[SourceDate "2011.11.26"]
[SourceVersion "1"]
[SourceVersionDate "2011.11.26"]
[SourceQuality "1"]

1. Nf3 d6 2. g3 e5 3. d3 Be7 4. Bg2 h5 5. h4 Nh6 6. Bxh6 Rxh6 7. Nc3 c6 8. Qd2 Nd7 9. O-O d5 10. e4 d4 11. Ne2 Qc7 12. c3 dxc3 13. Qxc3 f6 14. Rfd1 Nc5 15. b3 Bg4 16. Qc2 O-O-O 17. Nh2 Bxe2 18. Qxe2 Kb8 19. Rac1 g5 20. Qe3 Ne6 21. Nf3 Rg6 22. Kf1 Ba3 23. Rc4 Qd6 24. hxg5 fxg5 25. Ne1 Bc5 26. Qe2 Rf8 27. f3 g4 28. Bh1 gxf3 29. Bxf3 Rxg3 30. Qh2 Rgxf3+ 31. Nxf3 Rxf3+ 32. Ke1 Re3+ 33. Kd2 Qxd3+ 0-1

[Event "Grand Pacific op"]
[Site "Victoria CAN"]
[Date "2008.03.21"]
[Round "1"]
[White "Wright, Ivo"]
[Black "Raymer, Evan"]
[Result "0-1"]
[WhiteElo "1113"]
[BlackElo "1878"]
[PlyCount "44"]
[GameId "2160767910351405"]
[EventDate "2008.03.21"]
[EventType "swiss"]
[EventRounds "6"]
[EventCountry "CAN"]

1. d4 Nf6 2. e3 g6 3. Bd3 Bg7 4. Nf3 O-O 5. Nbd2 d5 6. O-O b6 7. Re1 Bb7 8. e4 dxe4 9. Nxe4 Nc6 10. Nxf6+ Bxf6 11. Be4 Na5 12. Bxb7 Nxb7 13. Bh6 Bg7 14. Bxg7 Kxg7 15. d5 Qd6 16. Qd4+ Kg8 17. Qh4 Qxd5 18. Ng5 h5 19. g4 Qd4 20. Re4 Qxb2 21. Rd1 Nd6 22. Re2 Qd4 0-1

[Event "Grand Pacific op"]
[Site "Victoria CAN"]
[Date "2008.03.21"]
[Round "1.1"]
[White "Cheng, Bindi"]
[Black "Churchill, Sam"]
[Result "1-0"]
[WhiteElo "2339"]
[BlackElo "1672"]
[PlyCount "35"]
[GameId "2160767910351406"]
[EventDate "2008.03.21"]
[EventType "swiss"]
[EventRounds "6"]
[EventCountry "CAN"]

1. Nf3 Nf6 2. d4 c5 3. c3 e6 4. Bg5 d5 5. e3 Nc6 6. Nbd2 Bd6 7. Bb5 Bd7 8. Qe2 a6 9. Bd3 e5 10. e4 Be7 11. Bxf6 gxf6 12. exd5 Na7 13. dxe5 fxe5 14. Qxe5 O-O 15. O-O Nb5 16. Nc4 f6 17. Qg3+ Kh8 18. d6 1-0

[Event "Grand Pacific op"]
[Site "Victoria CAN"]
[Date "2008.03.21"]
[Round "1.4"]
[White "Lai, Peter"]
[Black "Morin, Glenn"]
[Result "1-0"]
[WhiteElo "1610"]
[BlackElo "2276"]
[PlyCount "79"]
[GameId "2160767910351407"]
[EventDate "2008.03.21"]
[EventType "swiss"]
[EventRounds "6"]
[EventCountry "CAN"]

1. d4 Nf6 2. c4 c5 3. d5 b5 4. cxb5 a6 5. bxa6 Bxa6 6. g3 d6 7. Bg2 g6 8. Nf3 Bg7 9. Nc3 O-O 10. O-O Qb6 11. Re1 Nbd7 12. e4 Ng4 13. Qc2 Rab8 14. h3 Nge5 15. Rd1 c4 16. Na4 Qb7 17. Nxe5 Nxe5 18. Rb1 Rfc8 19. Be3 Nd3 20. Nb6 Rc7 21. f4 Nc5 22. Bxc5 Rxc5 23. Na4 Rb5 24. Rd2 Rb4 25. Nc3 Qb6+ 26. Kh2 Qa5 27. Rdd1 R4b7 28. e5 Rc7 29. Re1 h6 30. Re2 Kh7 31. Be4 dxe5 32. fxe5 Bxe5 33. Bxg6+ fxg6 34. Rxe5 Rf8 35. Re6 Rf6 36. Rf1 Rxe6 37. Rf7+ Kg8 38. dxe6 Qg5 39. Nd5 Rb7 40. Qc3 1-0

[Event "Grand Pacific op"]
[Site "Victoria CAN"]
[Date "2008.03.21"]
[Round "1.5"]
[White "Patterson, Roger"]
[Black "Paulson, Stewart"]
[Result "1-0"]
[WhiteElo "2254"]
[BlackElo "1574"]
[PlyCount "69"]
[GameId "2160767910412848"]
[EventDate "2008.03.21"]
[EventType "swiss"]
[EventRounds "6"]
[EventCountry "CAN"]

1. e4 e5 2. Nf3 Nf6 3. d3 d5 4. Nbd2 dxe4 5. dxe4 Bg4 6. h3 Bxf3 7. Qxf3 Nc6 8. c3 a6 9. Be2 Bc5 10. O-O Qe7 11. Nc4 O-O-O 12. b4 Ba7 13. a4 h5 14. b5 Nb8 15. Rb1 Nfd7 16. bxa6 Nxa6 17. Na5 Ndc5 18. Nxb7 Rd7 19. Ba3 Qe6 20. Qe3 Bb6 21. Nxc5 Nxc5 22. Bxc5 Bxc5 23. Qxc5 Rd6 24. Qa7 Kd7 25. Bb5+ Ke7 26. Qxc7+ Kf6 27. f4 exf4 28. Rxf4+ Kg5 29. Rxf7 Re8 30. Rxg7+ Kh4 31. Bxe8 Rd1+ 32. Kh2 Rh1+ 33. Kxh1 Qxh3+ 34. gxh3 Kxh3 35. Qh2# 1-0

[Event "Grand Pacific op"]
[Site "Victoria CAN"]
[Date "2008.03.21"]
[Round "1.6"]
[White "Herringer, Moise"]
[Black "McLaren, Brian"]
[Result "0-1"]
[WhiteElo "1557"]
[BlackElo "2246"]
[PlyCount "78"]
[GameId "2160767910412849"]
[EventDate "2008.03.21"]
[EventType "swiss"]
[EventRounds "6"]
[EventCountry "CAN"]

1. Nf3 d5 2. d4 c6 3. e3 Bg4 4. Be2 e6 5. Nbd2 f5 6. h3 Bh5 7. Ne5 Bxe2 8. Qxe2 Nf6 9. c4 Nbd7 10. Nxd7 Qxd7 11. O-O Bd6 12. Nf3 O-O 13. c5 Bc7 14. Bd2 Ne4 15. Rfb1 g5 16. Rf1 Qg7 17. b4 g4 18. hxg4 fxg4 19. Ne5 Bxe5 20. dxe5 Nxd2 21. Qxd2 Qxe5 22. Qe2 h5 23. Rad1 Rf5 24. Rd4 Raf8 25. a4 Qf6 26. Rf4 e5 27. Rxf5 Qxf5 28. b5 Rf7 29. bxc6 bxc6 30. Qa6 Qf6 31. Qc8+ Kg7 32. Qb8 h4 33. f4 d4 34. Qc8 Qf5 35. Qxf5 Rxf5 36. Re1 d3 37. fxe5 Rxe5 38. e4 Rxc5 39. Rd1 Rc4 0-1

[Event "Grand Pacific op"]
[Site "Victoria CAN"]
[Date "2008.03.21"]
[Round "1.7"]
[White "Wu, Howard"]
[Black "Monahan, Darby"]
[Result "1-0"]
[WhiteElo "2244"]
[BlackElo "1770"]
[PlyCount "45"]
[GameId "2160767910412850"]
[EventDate "2008.03.21"]
[EventType "swiss"]
[EventRounds "6"]
[EventCountry "CAN"]

1. d4 Nf6 2. Bg5 e6 3. e4 Be7 4. Nc3 d5 5. e5 Nfd7 6. Bxe7 Qxe7 7. f4 c6 8. Nf3 O-O 9. Bd3 h6 10. O-O b6 11. Ne2 Ba6 12. f5 exf5 13. Bxa6 Nxa6 14. Qd3 Nc7 15. Qxf5 Ne6 16. c3 f6 17. Qg6 Rf7 18. Nh4 Nef8 19. Qh5 fxe5 20. Nf5 Qe6 21. dxe5 Kh7 22. Ned4 Qxe5 23. Qxf7 1-0

[Event "Grand Pacific op"]
[Site "Victoria CAN"]
[Date "2008.03.21"]
[Round "1.8"]
[White "Polonsky, Boris"]
[Black "Davies, Lucas"]
[Result "0-1"]
[WhiteElo "1434"]
[BlackElo "2230"]
[PlyCount "34"]
[GameId "2160767910412851"]
[EventDate "2008.03.21"]
[EventType "swiss"]
[EventRounds "6"]
[EventCountry "CAN"]

1. d4 Nf6 2. Nf3 g6 3. Nc3 d5 4. Bg5 Bg7 5. h3 Ne4 6. Bd2 Nxd2 7. Qxd2 O-O 8. e3 b6 9. Bd3 c5 10. e4 c4 11. Be2 e6 12. e5 Nc6 13. b3 cxb3 14. axb3 f6 15. Bb5 Bb7 16. exf6 Bxf6 17. Bxc6 Bxc6 0-1

[Event "Grand Pacific op"]
[Site "Victoria CAN"]
[Date "2008.03.21"]
[Round "1.9"]
[White "Bragg, David"]
[Black "Stewart, Deron"]
[Result "1-0"]
[WhiteElo "2209"]
[BlackElo "1523"]
[PlyCount "102"]
[GameId "2160767910412852"]
[EventDate "2008.03.21"]
[EventType "swiss"]
[EventRounds "6"]
[EventCountry "CAN"]

1. d4 Nf6 2. c4 c5 3. Nf3 cxd4 4. Nxd4 Nc6 5. Nc3 g6 6. e4 d6 7. Be2 Bg7 8. Nc2 O-O 9. Be3 Be6 10. f3 a6 11. O-O Nd7 12. Qd2 Re8 13. Rfd1 Qc7 14. Rac1 Rad8 15. b3 Qa5 16. Nd5 Qxd2 17. Rxd2 Rc8 18. Rcd1 Nf6 19. Nb6 Rc7 20. c5 Ne5 21. cxd6 exd6 22. Nb4 Bf8 23. h3 Nc6 24. Nc2 Nd7 25. Nc4 Bxc4 26. Bxc4 Nce5 27. Be2 Nc6 28. Kf2 Rec8 29. f4 Be7 30. Bf3 Nce5 31. Nb4 Nxf3 32. gxf3 Rc1 33. Nd5 Bh4+ 34. Ke2 R8c2 35. Bd4 h5 36. b4 Kf8 37. a4 Rxd1 38. Kxd1 Rxd2+ 39. Kxd2 f6 40. f5 gxf5 41. exf5 Ne5 42. Bxe5 dxe5 43. Kc3 Kf7 44. Kc4 Bf2 45. b5 axb5+ 46. Kxb5 Bd4 47. Kc4 h4 48. Nc7 Kg7 49. Ne6+ Kh6 50. Nxd4 exd4 51. Kxd4 Kh5 1-0

[Event "Grand Pacific op"]
[Site "Victoria CAN"]
[Date "2008.03.21"]
[Round "1.10"]
[White "Zhao, Donovan"]
[Black "Davies, Noam"]
[Result "0-1"]
[WhiteElo "1520"]
[BlackElo "2209"]
[PlyCount "62"]
[GameId "2160767910412853"]
[EventDate "2008.03.21"]
[EventType "swiss"]
[EventRounds "6"]
[EventCountry "CAN"]

1. e4 c5 2. Nf3 e6 3. d4 cxd4 4. Nxd4 a6 5. Nc3 Qc7 6. Be2 Nf6 7. Be3 Bb4 8. Qd3 Nxe4 9. Bd2 Nxd2 10. Qxd2 b5 11. O-O Bb7 12. Qg5 O-O 13. Nd1 Bd6 14. f4 Qc5 15. Qxc5 Bxc5 16. c3 Nc6 17. Kh1 Nxd4 18. cxd4 Bxd4 19. Nc3 Rac8 20. Rac1 d5 21. Bf3 Rc6 22. f5 Bxc3 23. bxc3 Bc8 24. Rfd1 Rc5 25. fxe6 Bxe6 26. Kg1 Rfc8 27. Rd3 b4 28. Kf2 bxc3 29. Ke3 Kf8 30. Kf4 Ke7 31. Ke5 Rc4 0-1

[Event "Grand Pacific op"]
[Site "Victoria CAN"]
[Date "2008.03.21"]
[Round "1.13"]
[White "Daswani, Benedict"]
[Black "Jung-Doknjas, Victoria"]
[Result "1-0"]
[WhiteElo "2078"]
[BlackElo "1450"]
[PlyCount "109"]
[GameId "2160767910412854"]
[EventDate "2008.03.21"]
[EventType "swiss"]
[EventRounds "6"]
[EventCountry "CAN"]

1. g3 d5 2. d3 e5 3. Bg2 c6 4. Nf3 Bd6 5. c4 h6 6. cxd5 cxd5 7. O-O Nf6 8. Nc3 O-O 9. Bd2 Be6 10. Nb5 Nc6 11. Nxd6 Qxd6 12. Qa4 Bd7 13. Qb3 e4 14. Bf4 Qb4 15. Qxb4 Nxb4 16. dxe4 Nxe4 17. Rfd1 Bc6 18. Nd4 Rfd8 19. Bc7 Rd7 20. Ba5 Na6 21. Nxc6 bxc6 22. Bxe4 Nc5 23. Bf5 Ne6 24. Rac1 Rc8 25. e4 d4 26. Rc4 Rd6 27. Bxe6 fxe6 28. Rcxd4 Rxd4 29. Rxd4 a6 30. Rc4 Kf7 31. f4 g6 32. a4 h5 33. b4 Ke7 34. b5 axb5 35. axb5 c5 36. Bb4 Kd6 37. Bxc5+ Rxc5 38. e5+ Kd5 39. Rxc5+ Kxc5 40. Kg2 Kxb5 41. Kh3 g5 42. fxg5 Kc5 43. g6 Kd5 44. g7 Kxe5 45. g8=Q h4 46. gxh4 Kf5 47. Qg5+ Ke4 48. h5 e5 49. h6 Kd4 50. h7 e4 51. h8=Q+ Kd3 52. Qhd8+ Kc2 53. Qc5+ Kb3 54. Qb8+ Ka2 55. Qca7# 1-0

[Event "Grand Pacific op"]
[Site "Victoria CAN"]
[Date "2008.03.21"]
[Round "1.15"]
[White "Kostin, Andrey"]
[Black "Bowles, Malcolm"]
[Result "1-0"]
[WhiteElo "2043"]
[BlackElo "1423"]
[PlyCount "69"]
[GameId "2160767910412855"]
[EventDate "2008.03.21"]
[EventType "swiss"]
[EventRounds "6"]
[EventCountry "CAN"]

1. e4 d6 2. d4 Nf6 3. Nc3 e5 4. dxe5 dxe5 5. Qxd8+ Kxd8 6. Bg5 Be6 7. Nf3 Nbd7 8. O-O-O Kc8 9. Bh4 Bc5 10. h3 h6 11. Bd3 c6 12. Bg3 Nh5 13. Bxe5 Nxe5 14. Nxe5 Bxf2 15. Rhf1 Be3+ 16. Kb1 Rf8 17. Bc4 Bxc4 18. Nxc4 Bc5 19. Rf5 Be7 20. Rxh5 Bg5 21. h4 g6 22. hxg5 gxh5 23. gxh6 Kc7 24. Rh1 Rg8 25. Ne3 Rg3 26. Rh3 Rxh3 27. gxh3 Re8 28. Kc1 Kd7 29. Kd2 Ke6 30. Ke2 Kf6 31. Kf3 Kg6 32. Nf5 Rd8 33. Ne2 Rd2 34. Nf4+ Kh7 35. Nxh5 1-0

[Event "Grand Pacific op"]
[Site "Victoria CAN"]
[Date "2008.03.21"]
[Round "1.16"]
[White "Doknjas, John"]
[Black "Pitre, Hanniegn"]
[Result "0-1"]
[WhiteElo "1406"]
[BlackElo "2041"]
[PlyCount "56"]
[GameId "2160767910412856"]
[EventDate "2008.03.21"]
[EventType "swiss"]
[EventRounds "6"]
[EventCountry "CAN"]

1. d4 Nf6 2. c4 g6 3. Nc3 d5 4. cxd5 Nxd5 5. e4 Nxc3 6. bxc3 Bg7 7. Nf3 c5 8. Be3 Nc6 9. Bc4 O-O 10. O-O Bg4 11. Bd5 cxd4 12. cxd4 Bxf3 13. Qxf3 Nxd4 14. Bxd4 Bxd4 15. Rad1 e5 16. Bxb7 Rb8 17. Rb1 Kg7 18. Bd5 f5 19. Rxb8 Qxb8 20. Qb3 Qd8 21. Qb7+ Kh6 22. exf5 Rxf5 23. Bf3 Qh4 24. Qe4 Rf4 25. Qe2 e4 26. Qd2 Qg5 27. Qxd4 exf3 28. g3 Rxd4 0-1

[Event "Grand Pacific op"]
[Site "Victoria CAN"]
[Date "2008.03.21"]
[Round "1.18"]
[White "Hui, Jeremy"]
[Black "Neufahrt, Gerhard"]
[Result "0-1"]
[WhiteElo "1318"]
[BlackElo "2012"]
[PlyCount "60"]
[GameId "2160767910412857"]
[EventDate "2008.03.21"]
[EventType "swiss"]
[EventRounds "6"]
[EventCountry "CAN"]

1. e4 e5 2. Nf3 Nc6 3. Bc4 Nf6 4. Nc3 Nxe4 5. Bxf7+ Kxf7 6. Nxe4 Be7 7. O-O d5 8. Ng3 e4 9. Ne1 Rf8 10. d3 exd3 11. Nxd3 Kg8 12. Nf4 d4 13. b3 Qd6 14. Ne4 Qe5 15. f3 Rxf4 16. Bxf4 Qxf4 17. Re1 b6 18. c3 Ba6 19. g3 Qf7 20. cxd4 Rd8 21. d5 Rxd5 22. Qc2 Nd4 23. Qc3 Nxf3+ 24. Kh1 Nxe1 25. Rxe1 Rd3 26. Qxc7 Re3 27. Qc1 Qf3+ 28. Kg1 Rxe4 29. Rxe4 Bc5+ 30. Qxc5 Qf1# 0-1

[Event "Grand Pacific op"]
[Site "Victoria CAN"]
[Date "2008.03.21"]
[Round "1.19"]
[White "Trochtchanovitch, Pavel"]
[Black "Martin, Nathan"]
[Result "1-0"]
[WhiteElo "2010"]
[BlackElo "1310"]
[PlyCount "71"]
[GameId "2160767910412858"]
[EventDate "2008.03.21"]
[EventType "swiss"]
[EventRounds "6"]
[EventCountry "CAN"]

1. e4 e6 2. d4 d5 3. exd5 exd5 4. c4 c6 5. Nc3 Nf6 6. Nf3 Bb4 7. Qc2 O-O 8. Bg5 Qe8+ 9. Be2 Ne4 10. Be3 Nxc3 11. bxc3 Qe4 12. Bd3 Bxc3+ 13. Qxc3 Qe7 14. O-O Be6 15. Rfe1 Nd7 16. Bf4 Qd8 17. Ng5 g6 18. Bc2 Re8 19. c5 Qf6 20. Nxe6 fxe6 21. Qe3 Nf8 22. a4 Qf7 23. Ra3 Nd7 24. h4 Qg7 25. h5 gxh5 26. Bh6 Qf7 27. Qg3+ Kh8 28. Rf3 Qg8 29. Qd6 Rad8 30. Rg3 Qf7 31. Bg7+ Kg8 32. Bf6+ Qg6 33. Bxg6 Nxf6 34. Bxe8+ Ng4 35. Qxd8 h6 36. Rxe6 1-0

[Event "Grand Pacific op"]
[Site "Victoria CAN"]
[Date "2008.03.21"]
[Round "1.20"]
[White "Rustand, Branden"]
[Black "Huang, Richard"]
[Result "0-1"]
[WhiteElo "1283"]
[BlackElo "1977"]
[PlyCount "92"]
[GameId "2160767910412859"]
[EventDate "2008.03.21"]
[EventType "swiss"]
[EventRounds "6"]
[EventCountry "CAN"]

1. d4 d5 2. c4 c6 3. Nf3 Nf6 4. Nc3 e6 5. e3 Nbd7 6. Qc2 Be7 7. b3 b6 8. Bb2 Bb7 9. cxd5 Nxd5 10. Rc1 Rc8 11. Be2 O-O 12. O-O N7f6 13. Ne5 Nxc3 14. Bxc3 c5 15. Rfd1 Qc7 16. Bb2 Qb8 17. Qb1 cxd4 18. Bxd4 Rfe8 19. h3 Be4 20. Qa1 Rxc1 21. Rxc1 Rc8 22. Bf3 Bxf3 23. Nxf3 Qb7 24. Nd2 Rc7 25. a3 Qc8 26. Rxc7 Qxc7 27. b4 Qc2 28. Qe1 Nd5 29. Kh1 Nxb4 30. Nf3 Nd3 31. Qd2 Qxd2 32. Nxd2 Bxa3 33. f4 Bc5 34. Nb3 Bxd4 35. Nxd4 a6 36. Kg1 Nb4 37. Kf2 Kf8 38. Ke2 Ke7 39. Kd2 Kd6 40. e4 Nc6 41. Nb3 e5 42. f5 Nd4 43. Nc1 a5 44. Kc3 f6 45. Nb3 Kc6 46. g4 Nb5+ 0-1

[Event "Grand Pacific op"]
[Site "Victoria CAN"]
[Date "2008.03.21"]
[Round "1.21"]
[White "Beaudin, Jesse"]
[Black "Ozkan, Charlie"]
[Result "1/2-1/2"]
[WhiteElo "1945"]
[BlackElo "1950"]
[PlyCount "64"]
[GameId "2160767910412860"]
[EventDate "2008.03.21"]
[EventType "swiss"]
[EventRounds "6"]
[EventCountry "CAN"]

1. e4 c5 2. Nf3 e6 3. d4 cxd4 4. Nxd4 a6 5. Nc3 Nc6 6. Be3 Qc7 7. Qd2 b5 8. a3 Nge7 9. f4 Nxd4 10. Bxd4 Nc6 11. Be3 Bb7 12. Bd3 Na5 13. O-O Nc4 14. Bxc4 Qxc4 15. Rad1 Qc6 16. f5 Be7 17. Qf2 O-O 18. Qg3 Kh8 19. Bd4 f6 20. Qd3 Rac8 21. Rf2 Qc4 22. Be3 Bxa3 23. Qxc4 Rxc4 24. bxa3 Rxc3 25. Rxd7 Rxe3 26. Rxb7 exf5 27. Rxf5 Rxe4 28. Ra7 g6 29. Rc5 Ree8 30. Rxa6 Re1+ 31. Kf2 Re7 32. Kg3 Re3+ 1/2-1/2

[Event "Grand Pacific op"]
[Site "Victoria CAN"]
[Date "2008.03.21"]
[Round "1.22"]
[White "Enns, Edward"]
[Black "Li, Changhe"]
[Result "0-1"]
[WhiteElo "1248"]
[BlackElo "1932"]
[PlyCount "50"]
[GameId "2160767910412861"]
[EventDate "2008.03.21"]
[EventType "swiss"]
[EventRounds "6"]
[EventCountry "CAN"]

1. e4 c5 2. Nf3 e6 3. d4 cxd4 4. Nxd4 a6 5. Bd3 Bc5 6. Be3 Qb6 7. Nxe6 dxe6 8. Bxc5 Qxc5 9. O-O Nf6 10. c3 Nc6 11. b4 Qa7 12. Nd2 O-O 13. Kh1 Ne5 14. Be2 b5 15. f4 Ng6 16. e5 Nd5 17. f5 exf5 18. Nc4 Nxc3 19. Qd3 Nxe2 20. Qxe2 bxc4 21. Qxc4 Be6 22. Qc5 Qxc5 23. bxc5 Rac8 24. Rfc1 Nxe5 25. a4 Nc4 0-1

[Event "Grand Pacific op"]
[Site "Victoria CAN"]
[Date "2008.03.21"]
[Round "1.23"]
[White "Murray, Mike"]
[Black "Karavai, Algerd"]
[Result "1-0"]
[WhiteElo "1918"]
[BlackElo "1190"]
[PlyCount "47"]
[GameId "2160767910412862"]
[EventDate "2008.03.21"]
[EventType "swiss"]
[EventRounds "6"]
[EventCountry "CAN"]

1. Nc3 e5 2. e4 Nf6 3. Bc4 Be7 4. d3 O-O 5. f4 d6 6. Nf3 Nc6 7. O-O Bg4 8. h3 Bh5 9. g4 Bxg4 10. hxg4 Nxg4 11. Qd2 Bh4 12. Qg2 Nh6 13. f5 Kh8 14. Nd5 Ng8 15. Nxh4 Qxh4 16. Bg5 Qh5 17. c3 f6 18. Be3 Qf7 19. Nb6 Qe8 20. Nxa8 Qxa8 21. Rf3 Re8 22. Rh3 Nge7 23. Rxh7+ Kxh7 24. Qh3# 1-0

[Event "Grand Pacific op"]
[Site "Victoria CAN"]
[Date "2008.03.21"]
[Round "1.24"]
[White "Harper, Dave"]
[Black "Milne, Arthur"]
[Result "0-1"]
[WhiteElo "1184"]
[BlackElo "1869"]
[PlyCount "84"]
[GameId "2160767910412863"]
[EventDate "2008.03.21"]
[EventType "swiss"]
[EventRounds "6"]
[EventCountry "CAN"]

1. d4 d6 2. Bf4 Nf6 3. Nf3 Bg4 4. Nbd2 e6 5. e3 Be7 6. Be2 d5 7. h3 Bh5 8. O-O O-O 9. c3 c5 10. Qc2 Nc6 11. Rfe1 Rc8 12. Rad1 Qb6 13. c4 cxd4 14. exd4 Rfd8 15. Qb1 Bg6 16. Bd3 Bxd3 17. Qxd3 dxc4 18. Nxc4 Qb5 19. Nce5 Qxd3 20. Nxd3 Nxd4 21. Nxd4 Rxd4 22. Be3 Rd5 23. Nf4 Rxd1 24. Rxd1 b6 25. f3 Kf8 26. Rd2 Ke8 27. Kf2 Bb4 28. Re2 Bc5 29. Bxc5 Rxc5 30. Ke3 Re5+ 31. Kf2 Rxe2+ 32. Kxe2 Ke7 33. Kd3 Kd6 34. g4 Nd5 35. Nxd5 Kxd5 36. f4 f6 37. h4 e5 38. fxe5 fxe5 39. b3 e4+ 40. Ke3 Ke5 41. b4 b5 42. h5 h6 0-1

[Event "Grand Pacific op"]
[Site "Victoria CAN"]
[Date "2008.03.21"]
[Round "1.25"]
[White "Cheng, Jack"]
[Black "Herringer, Greg"]
[Result "1-0"]
[WhiteElo "1885"]
[BlackElo "1155"]
[PlyCount "71"]
[GameId "2160767910412864"]
[EventDate "2008.03.21"]
[EventType "swiss"]
[EventRounds "6"]
[EventCountry "CAN"]

1. e4 e5 2. Nf3 d6 3. d4 Nd7 4. Nc3 c6 5. Be2 Ngf6 6. O-O Be7 7. h3 b5 8. a3 a5 9. Be3 Qc7 10. Bd3 Rb8 11. Ne2 h6 12. Ng3 g6 13. Qd2 Ng8 14. Nh2 Bf6 15. Ng4 h5 16. Nxf6+ Ndxf6 17. f4 h4 18. Ne2 d5 19. fxe5 Nxe4 20. Bxe4 dxe4 21. Bf4 Qd8 22. Nc3 Bf5 23. Rfe1 Ne7 24. e6 fxe6 25. Bxb8 Qxb8 26. Nxe4 Bxe4 27. Rxe4 Kd7 28. Rae1 Nd5 29. Rxe6 Kc7 30. Qxa5+ Qb6 31. Re7+ Nxe7 32. Rxe7+ Kd6 33. Qxb6 Kxe7 34. Qxc6 Rd8 35. Qxb5 Rxd4 36. Qc5+ 1-0

[Event "Grand Pacific op"]
[Site "Victoria CAN"]
[Date "2008.03.21"]
[Round "1.30"]
[White "Lee, Daniel"]
[Black "Tate, William"]
[Result "0-1"]
[WhiteElo "1017"]
[BlackElo "1835"]
[PlyCount "103"]
[GameId "2160767910412865"]
[EventDate "2008.03.21"]
[EventType "swiss"]
[EventRounds "6"]
[EventCountry "CAN"]

1. e4 Nf6 2. Nc3 d5 3. d4 Nxe4 4. Nxe4 dxe4 5. d5 c6 6. c4 g6 7. Qc2 Bf5 8. g4 Bxg4 9. Qxe4 Bf5 10. Qd4 Rg8 11. Bd3 Bg7 12. Qe3 Bxd3 13. Qxd3 Nd7 14. dxc6 Qa5+ 15. Bd2 Qe5+ 16. Ne2 Nc5 17. Qd5 Qxd5 18. cxd5 bxc6 19. dxc6 Nd3+ 20. Kf1 Bxb2 21. Rb1 e5 22. Bc3 Bxc3 23. Nxc3 Ke7 24. Rb7+ Ke6 25. Nb5 Rab8 26. Nxa7 Rxb7 27. cxb7 Rb8 28. Nc6 Rxb7 29. Nd8+ Kd7 30. Nxb7 Kc7 31. Na5 Kb6 32. Nc4+ Kc5 33. Nd2 f5 34. Ke2 Nf4+ 35. Kf3 g5 36. h3 h5 37. Kg3 Ne2+ 38. Kf3 Nd4+ 39. Ke3 Kd5 40. Kd3 e4+ 41. Kc3 f4 42. Re1 Nb5+ 43. Kb4 Nd6 44. a4 g4 45. hxg4 hxg4 46. Nb3 g3 47. fxg3 fxg3 48. a5 Ke5 49. a6 Nc8 50. Nd2 g2 51. Rxe4+ Kf5 52. Re1 0-1

[Event "Grand Pacific op"]
[Site "Victoria CAN"]
[Date "2008.03.21"]
[Round "1.31"]
[White "Han, Yiming"]
[Black "Lo, Ryan"]
[Result "1-0"]
[WhiteElo "1846"]
[BlackElo "984"]
[PlyCount "47"]
[GameId "2160767910412866"]
[EventDate "2008.03.21"]
[EventType "swiss"]
[EventRounds "6"]
[EventCountry "CAN"]

1. e4 e5 2. Nf3 Nc6 3. Bc4 Nf6 4. d4 exd4 5. e5 Ng8 6. O-O Bc5 7. c3 dxc3 8. Nxc3 Nge7 9. Nd5 Nxd5 10. Qxd5 Qe7 11. Bg5 Qf8 12. Bh4 f6 13. exf6 gxf6 14. Rfe1+ Be7 15. Qh5+ Kd8 16. Rad1 d6 17. Bf7 Bd7 18. Nd4 Nxd4 19. Rxd4 Be8 20. Bxe8 Qxe8 21. Qf3 Rf8 22. Rde4 Rf7 23. Bxf6 Rxf6 24. Qxf6 1-0

[Event "Grand Pacific op"]
[Site "Victoria CAN"]
[Date "2008.03.21"]
[Round "1.34"]
[White "Lam, Karen"]
[Black "Forman, Ken"]
[Result "0-1"]
[WhiteElo "921"]
[BlackElo "1810"]
[PlyCount "39"]
[GameId "2160767910412867"]
[EventDate "2008.03.21"]
[EventType "swiss"]
[EventRounds "6"]
[EventCountry "CAN"]

1. e4 c5 2. Nc3 d6 3. Bb5+ Bd7 4. Bxd7+ Nxd7 5. Nf3 Ngf6 6. O-O e6 7. d3 Be7 8. Bf4 a6 9. e5 dxe5 10. Nxe5 Nxe5 11. Bxe5 O-O 12. d4 cxd4 13. Bxd4 b5 14. Bxf6 Bxf6 15. Ne4 Bxb2 16. Rb1 Be5 17. Qxd8 Raxd8 18. Nc5 Rd4 19. Nd3 Bf6 20. Rfd1 0-1